000 00487nam a2200157 i 4500
001 25311
003 ES-MaACL
005 20230906153232.0
007 t|
008 021223s1959 sp ||||1| spa d
100 1 _aAranegui y Coll, Manuel de.
_922298
245 1 0 _aTítulos honoríficos en Flandes
_b: 1702-1712 /
_cManuel de Aranegui y Coll.
260 _aVitoria :
_b[s.n.,
_c1959] (
_fImp. Montepío Diocesano)
300 _a13 h. ;
_c26 cm.
852 _aES-MaACL
_j2012-F-22
_bR.44116
999 _c25311
_d25311